Statistics for 2021 Albums by Cover

Click here to take the quiz!

General Stats

  • This quiz has been taken 24 times
  • The average score is 7 of 15

Answer Stats

Answer% Correct
Happier Than Ever – Billie Eilish
96%
Sour – Olivia Rodrigo
91%
30 – Adele
83%
An Evening with Silk Sonic – An Evening with Silk Sonic
78%
Certified Lover Boy – Drake
74%
Planet Her – Doja Cat
70%
Montero – Lil Nas X
65%
The Off-Season – J.Cole
48%
Sometimes I Might Be Introvert – Little Simz
30%
Dangerous: The Double Album – Morgan Wallen
26%
Cavalcade – Black Midi
17%
Heaux Tales – Jazmine Sullivan
13%
Jubilee – Japanese Breakfast
13%
Voyage – ABBA
13%
Promises – Floating Points, Pharaoh Sanders and the London Symphony Orchestra
4%

Score Distribution

Percentile by Number Answered

Percent of People with Each Score

Your Score History

You have not taken this quiz